Marketbeat Industrial Snapshot North America (Record no. 83850)
[ view plain ]
| 000 -LEADER | |
|---|---|
| fixed length control field | 01027cad a22002295a 4500 |
| 001 - CONTROL NUMBER | |
| control field | L155318 |
| 008 - FIXED-LENGTH DATA ELEMENTS--GENERAL INFORMATION | |
| fixed length control field | 120316s2012 xxk 000 0 eng d |
| 035 ## - SYSTEM CONTROL NUMBER | |
| System control number | (Sirsi) u155318 |
| 041 0# - LANGUAGE CODE | |
| Language code of text/sound track or separate title | eng |
| 110 2# - MAIN ENTRY--CORPORATE NAME | |
| Corporate name or jurisdiction name as entry element | Cushman & Wakefield |
| 9 (RLIN) | 5888 |
| 245 00 - TITLE STATEMENT | |
| Title | Marketbeat Industrial Snapshot North America |
| Remainder of title | year-end 2011 |
| Medium | [electronic resource] |
| 260 ## - PUBLICATION, DISTRIBUTION, ETC. | |
| Place of publication, distribution, etc. | New York |
| Name of publisher, distributor, etc. | JLL |
| Date of publication, distribution, etc. | 2012 |
| 490 #0 - SERIES STATEMENT | |
| Series statement | Cushman & Wakefield Marketbeat Industrial Snapshot North America |
| 520 ## - SUMMARY, ETC. | |
| Summary, etc. | An economic overview is followed by surveys of the industrial market in 38 cities of the US and Canadian regions, and Mexico. Detailed market statistical tables cover total inventory, vacancy rates, leasing activity, sales, construction, net absorption, and net rental and asking rates. |
| 590 ## - LOCAL NOTE (RLIN) | |
| Local note | NTK KA |
| 651 #4 - SUBJECT ADDED ENTRY--GEOGRAPHIC NAME | |
| Geographic name | United States |
| Chronological subdivision | 1959- |
| 651 #4 - SUBJECT ADDED ENTRY--GEOGRAPHIC NAME | |
| Geographic name | Mexico |
| 651 #4 - SUBJECT ADDED ENTRY--GEOGRAPHIC NAME | |
| Geographic name | Canada |
| 690 ## - LOCAL SUBJECT ADDED ENTRY--TOPICAL TERM (OCLC, RLIN) | |
| Topical term or geographic name as entry element | Commercial property |
| 9 (RLIN) | 6227 |
| 856 40 - ELECTRONIC LOCATION AND ACCESS | |
| Uniform Resource Identifier | <a href="https://www.cushwake.com/cwmbs4q11/PDF/ind_northamerica_4q11.pdf">https://www.cushwake.com/cwmbs4q11/PDF/ind_northamerica_4q11.pdf</a> |
| Public note | View the report at www.cushwake.com |
| 942 ## - ADDED ENTRY ELEMENTS (KOHA) | |
| Suppress in OPAC | 0 |
| Withdrawn status | Lost status | Source of classification or shelving scheme | Damaged status | Not for loan | Home library | Current library | Shelving location | Date acquired | Total Checkouts | Full call number | Barcode | Date last seen | Copy number | Price effective from | Koha item type |
|---|---|---|---|---|---|---|---|---|---|---|---|---|---|---|---|
| Dewey Decimal Classification | Virtual | Virtual | Online | 16/03/2012 | ONLINE PUBLICATION | 155318-2001 | 06/08/2019 | 1 | 06/08/2019 | Book |